000 00885nam0a22002411 4500
001 rc\383739
005 20030307123850.3
035 _a(NLR Aleph) 005606360
090 _a6366539
_c6366539
100 _a20030307d1989 u |0rusy50 ca
101 0 _arus
102 _aRU
105 _aa |||||||||
200 1 _aСвойства конструкционных материалов на основе простых веществ и соединений переходных металллов
_eКонспект лекций
_fКазан. хим.-технол. ин-т им. С.М. Кирова
210 _aКазань
_cКХТИ
_d1989
215 _a45, [1] с.
_cил.
_d21
320 _aБиблиогр.: с. 46 (9 назв.)
700 1 _aВигалок
_bА. А.
801 0 _aRU
_bNLR
_gpsbo
801 1 _aRU
_bELAR
_2rusmarc
852 _aNLR
_j90-4/9362
942 _cBOOK
980 _aNB